<?xml version="1.0" encoding="UTF-8"?>
<record
    xmlns:xsi="http://www.w3.org/2001/XMLSchema-instance"
    xsi:schemaLocation="http://www.loc.gov/MARC21/slim http://www.loc.gov/standards/marcxml/schema/MARC21slim.xsd"
    xmlns="http://www.loc.gov/MARC21/slim">

  <leader>02710nam a2200289 i 4500</leader>
  <controlfield tag="003">DO-SdBNP</controlfield>
  <controlfield tag="005">20250207101102.0</controlfield>
  <controlfield tag="007">ta</controlfield>
  <controlfield tag="008">240612s2024    dr ao         000 j spa d</controlfield>
  <datafield tag="020" ind1=" " ind2=" ">
    <subfield code="a">9789945943504</subfield>
  </datafield>
  <datafield tag="040" ind1=" " ind2=" ">
    <subfield code="a">DO-SdBNP</subfield>
    <subfield code="b">spa</subfield>
    <subfield code="c">BNPHU</subfield>
    <subfield code="e">rda</subfield>
  </datafield>
  <datafield tag="082" ind1=" " ind2=" ">
    <subfield code="b">G633g</subfield>
    <subfield code="2">22</subfield>
  </datafield>
  <datafield tag="100" ind1="1" ind2=" ">
    <subfield code="a">Tejera, Eduardo J</subfield>
    <subfield code="b">1947-</subfield>
    <subfield code="e">autora</subfield>
    <subfield code="9">10749</subfield>
  </datafield>
  <datafield tag="245" ind1="1" ind2="0">
    <subfield code="a">Gu&#xED;a odontol&#xF3;gica forense /</subfield>
    <subfield code="c">Lourdes Ysabel G&#xF3;mez Jim&#xE9;nez ; pr&#xF3;logo Sergio Sarita Valdez</subfield>
  </datafield>
  <datafield tag="264" ind1=" " ind2="1">
    <subfield code="a">Santo Domingo :</subfield>
    <subfield code="b">Soto Castillo,</subfield>
    <subfield code="c">2024.</subfield>
  </datafield>
  <datafield tag="300" ind1=" " ind2=" ">
    <subfield code="a">287 p&#xE1;ginas,  </subfield>
    <subfield code="b">ilustraciones, fotograf&#xED;as </subfield>
    <subfield code="c">23 cm.</subfield>
  </datafield>
  <datafield tag="336" ind1=" " ind2=" ">
    <subfield code="2">rdacontent</subfield>
    <subfield code="a">texto</subfield>
    <subfield code="b">txt</subfield>
  </datafield>
  <datafield tag="337" ind1=" " ind2=" ">
    <subfield code="2">rdamedia</subfield>
    <subfield code="a">sin mediaci&#xF3;n </subfield>
    <subfield code="b">n</subfield>
  </datafield>
  <datafield tag="338" ind1=" " ind2=" ">
    <subfield code="2">rdacarrier</subfield>
    <subfield code="a">volumen</subfield>
    <subfield code="b">nc</subfield>
  </datafield>
  <datafield tag="504" ind1=" " ind2=" ">
    <subfield code="a">Bibliograf&#xED;a p: 277-287.</subfield>
  </datafield>
  <datafield tag="505" ind1="2" ind2=" ">
    <subfield code="t">Agradecimientos --</subfield>
    <subfield code="t">Pr&#xF3;logo --</subfield>
    <subfield code="t">Prefacio --</subfield>
    <subfield code="t">Introducci&#xF3;n --</subfield>
    <subfield code="t">Especialidades en odontolog&#xED;a --</subfield>
    <subfield code="t">Breve historia de la odontolog&#xED;a forense --</subfield>
    <subfield code="t">Historia de la odontolog&#xED;a forense en Rep&#xFA;blica Dominicana -- </subfield>
    <subfield code="t">Fen&#xF3;menos cadav&#xE9;ricos --</subfield>
    <subfield code="t">Principios b&#xE1;sicos en odontolog&#xED;a --</subfield>
    <subfield code="t">Estructuras del sistema estomatogn&#xE1;tico --</subfield>
    <subfield code="t">Tipos de dentici&#xF3;n --</subfield>
    <subfield code="t">Nomenclatura dental --</subfield>
    <subfield code="t">Trastornos del desarrollo del diente en corona y ra&#xED;ces hereditario y adquirido --</subfield>
    <subfield code="t">Formaciones anat&#xF3;micas bucales que pueden confundirse con alteraciones patol&#xF3;gicas --</subfield>
    <subfield code="t">Malformaciones cong&#xE9;nitas m&#xE1;s comunes en autopsia bucal --</subfield>
    <subfield code="t">Valoraci&#xF3;n de lesiones odontol&#xF3;gicas en cl&#xED;nica forense --</subfield>
    <subfield code="t">Clasificaci&#xF3;n de lesiones traum&#xE1;ticas Dento-maxilofaciales --</subfield>
    <subfield code="t">Lesiones frecuentes en odontolog&#xED;a forense --</subfield>
    <subfield code="t">Manual de autopsia bucal --</subfield>
    <subfield code="t">Carta dental --</subfield>
    <subfield code="t">Identificaci&#xF3;n a trav&#xE9;s de la dentadura --</subfield>
    <subfield code="t">Trabajos dentales existentes m&#xE1;s comunes en cavidad bucal observados en momento de la autopsia --</subfield>
    <subfield code="t">Radiolog&#xED;a bucodental --</subfield>
    <subfield code="t">Huellas de mordedura humana --</subfield>
    <subfield code="t">Evidencias de marcas de mordedura --</subfield>
    <subfield code="t">Maltrato infantil --</subfield>
    <subfield code="t">Estimaci&#xF3;n de edad --</subfield>
    <subfield code="t">Actuaci&#xF3;n del odont&#xF3;logo en casos de desastres --</subfield>
    <subfield code="t">Antropolog&#xED;a dental --</subfield>
    <subfield code="t">Breve historia de la morfolog&#xED;a dental --</subfield>
    <subfield code="t">ADN en los dientes --</subfield>
    <subfield code="t">Responsabilidad profesional --</subfield>
    <subfield code="t">C&#xF3;digo deontol&#xF3;gico en Rep&#xFA;blica Dominicana --</subfield>
    <subfield code="t">El perito odont&#xF3;logo --</subfield>
    <subfield code="t">Informe pericial --</subfield>
    <subfield code="t">Leyes dominicanas de inter&#xE9;s --</subfield>
    <subfield code="t">Recomendaciones --</subfield>
    <subfield code="t">Conclusi&#xF3;n --</subfield>
    <subfield code="t">Referencias bibliogr&#xE1;ficas --</subfield>
  </datafield>
  <datafield tag="520" ind1=" " ind2=" ">
    <subfield code="a">La gu&#xED;a odontol&#xF3;gica forense est&#xE1; enfocada en proporcionar orientaci&#xF3;n y apoyo en el campo de la odontolog&#xED;a forense.
Nuestro objetivo principal ha sido recopilar y revisar diversas fuentes, como libros y publicaciones, para brindar una informaci&#xF3;n completa y actualizada relacionada con esta &#xE1;rea. </subfield>
  </datafield>
  <datafield tag="590" ind1=" " ind2=" ">
    <subfield code="a">Inventariado, 2024/ YL</subfield>
  </datafield>
  <datafield tag="700" ind1="1" ind2=" ">
    <subfield code="a"> Sarita Valdez, Sergio</subfield>
    <subfield code="e">pr&#xF3;logo </subfield>
    <subfield code="9">20402</subfield>
  </datafield>
  <datafield tag="910" ind1=" " ind2=" ">
    <subfield code="a">YLockward</subfield>
  </datafield>
  <datafield tag="942" ind1=" " ind2=" ">
    <subfield code="2">ddc</subfield>
    <subfield code="c">LBS1</subfield>
  </datafield>
  <datafield tag="952" ind1=" " ind2=" ">
    <subfield code="0">0</subfield>
    <subfield code="1">0</subfield>
    <subfield code="2">ddc</subfield>
    <subfield code="5">1</subfield>
    <subfield code="7">0</subfield>
    <subfield code="8">PD</subfield>
    <subfield code="a">BNPHU</subfield>
    <subfield code="b">BNPHU</subfield>
    <subfield code="c">CT</subfield>
    <subfield code="d">2024-02-21</subfield>
    <subfield code="e">Deposito Legal</subfield>
    <subfield code="l">0</subfield>
    <subfield code="o">BNPHU PD G633g</subfield>
    <subfield code="p">2024-3386</subfield>
    <subfield code="r">2024-06-12</subfield>
    <subfield code="w">2024-06-12</subfield>
    <subfield code="y">LBS1</subfield>
  </datafield>
  <datafield tag="952" ind1=" " ind2=" ">
    <subfield code="0">0</subfield>
    <subfield code="1">0</subfield>
    <subfield code="2">ddc</subfield>
    <subfield code="5">1</subfield>
    <subfield code="7">0</subfield>
    <subfield code="8">PD</subfield>
    <subfield code="a">BNPHU</subfield>
    <subfield code="b">BNPHU</subfield>
    <subfield code="c">CT</subfield>
    <subfield code="d">2024-02-21</subfield>
    <subfield code="e">Deposito Legal</subfield>
    <subfield code="l">0</subfield>
    <subfield code="o">BNPHU PD G633g</subfield>
    <subfield code="p">2024-3388</subfield>
    <subfield code="r">2024-06-12</subfield>
    <subfield code="t">e. 2</subfield>
    <subfield code="w">2024-06-12</subfield>
    <subfield code="y">LBS1</subfield>
  </datafield>
  <datafield tag="952" ind1=" " ind2=" ">
    <subfield code="0">0</subfield>
    <subfield code="1">0</subfield>
    <subfield code="2">ddc</subfield>
    <subfield code="5">6</subfield>
    <subfield code="7">0</subfield>
    <subfield code="8">DS</subfield>
    <subfield code="a">BNPHU</subfield>
    <subfield code="b">BNPHU</subfield>
    <subfield code="c">CT</subfield>
    <subfield code="d">2024-02-21</subfield>
    <subfield code="e">Deposito Legal</subfield>
    <subfield code="l">0</subfield>
    <subfield code="o">BNPHU DS G633g</subfield>
    <subfield code="p">2024-3389</subfield>
    <subfield code="r">2024-06-12</subfield>
    <subfield code="t">e. 3</subfield>
    <subfield code="w">2024-06-12</subfield>
    <subfield code="y">LBS1</subfield>
  </datafield>
  <datafield tag="999" ind1=" " ind2=" ">
    <subfield code="c">56826</subfield>
    <subfield code="d">56826</subfield>
  </datafield>
</record>
